Statistics for Largest Cities In Kansas

Click here to take the quiz!

General Stats

  • This quiz has been taken 43 times
  • The average score is 7 of 11

Answer Stats

Pop.City% Correct
152,938Kansas City
96%
126,587Topeka
96%
390,591Wichita
89%
53,678Manhattan
75%
137,472Olathe
75%
191,278Overland Park
75%
96,892Lawrence
71%
46,994Salina
54%
53,553Lenexa
43%
40,772Hutchinson
36%
65,513Shawnee
36%

Score Distribution

Percentile by Number Answered

Percent of People with Each Score

Your Score History

You have not taken this quiz